El Estado indolente : recuento de la violencia en las rutas migratorias y perfiles de movilidad en México : informe 2017 /

Red de Documentación de las Organizaciones Defensoras de Migrantes (REDODEM) es una instancia de la sociedad civil que desde sus albergues, comedores y organizaciones con que cuenta en diversos estados de la República Mexicana brinda acompañamiento a las personas en situación de movilidad (migrantes...

Descripción completa

Guardado en:
Detalles Bibliográficos
Autor corporativo: Red de Documentación de las Organizaciones Defensoras de Migrantes
Formato: Libro
Idioma:Español
Publicado: México : Red de Documentación de las Organizaciones Defensoras de Migrantes, 2018, c2018
Temas:
Etiquetas: Agrega una etiqueta
Sin etiquetas, Sé el primero en etiquetar este registro!

MARC

LEADER 00000nam^a2200000^a^4500
001 000440432
005 20250521000000.0
009 20260310123337.066
037 |a Acervo ITESO - Biblioteca 
041 |a ESP 
082 |a 304. 80972  |b RED INF 2017 
110 |a Red de Documentación de las Organizaciones Defensoras de Migrantes 
240 1 1 |a [Informe REDODEM] 
245 1 3 |a El Estado indolente :  |b recuento de la violencia en las rutas migratorias y perfiles de movilidad en México : informe 2017 /  |c REDODEM. 
264 4 |a México :  |b Red de Documentación de las Organizaciones Defensoras de Migrantes,  |c 2018, c2018 
300 |a 194 p. 
336 |a texto  |b txt  |2 rdacontenido 
337 |a sin mediación  |b n  |2 rdamedio 
338 |a volumen  |b nc  |2 rdasoporte 
520 |a Red de Documentación de las Organizaciones Defensoras de Migrantes (REDODEM) es una instancia de la sociedad civil que desde sus albergues, comedores y organizaciones con que cuenta en diversos estados de la República Mexicana brinda acompañamiento a las personas en situación de movilidad (migrantes, deportados, desplazados internos y refugiados), con el fin de brindarles hospitalidad, promover el respeto a su dignidad y a sus derechos humanos. Como resultado de la documentación emanada de sus procesos de acompañamiento, desde el 2013 viene publicando un informe para dar cuenta de las características sociodemográficas y condiciones de movilidad de las personas que provienen en su gran mayoría de Centroamérica y en menor proporción de El Caribe, Sudamérica y otras latitudes, incluyendo los connacionales. El presente informe corresponde al año 2017. 
649 |a XX 
650 |a Migrantes Centroamericanos -  |z México -  |x Condiciones Sociales y Culturales 
650 |a Migrantes Latinoamericanos -  |z México -  |x Condiciones Sociales y Culturales 
650 |a Migrantes -  |z México -  |x Condiciones Sociales y Culturales -  |x Tema Principal 
650 |a Inmigración -  |z México 
650 |a Migración -  |z México-EUA 
650 |a Migración -  |z América Central-EUA 
650 |a Migración -  |z Latinoamérica-EUA 
650 |a Migración -  |z México -  |x Informes -  |x Tema Principal 
650 |a Migración Ilegal -  |z México 
650 |a Crimen Organizado -  |z México 
650 |a Violencia -  |z México 
650 |a Derechos Humanos -  |z México 
650 |a Política Migratoria -  |z México 
650 |a Política Social -  |z México 
650 |a Problemas Sociales -  |z México 
650 |a Política -  |z México -  |x Historia -  |y 2012-2018 
650 |a Política -  |z México -  |x Historia -  |y Siglo XXI 
650 |a México -  |x Condiciones Políticas 
910 |a Fondo General 
920 |a Impresos - Libros 
930 |a Colección General 
905 |a 101 
901 |a 0500366308  |b IT1  |c ACC  |d EG  |i D129232  |u 20250521 
902 |a https://opac.biblio.iteso.mx/vufind/Record/000440432